[Event "47th POL-ch"]
[Site "Warsaw POL"]
[Date "1990.03.??"]
[Round "8"]
[White "Sznapik, Aleksander"]
[Black "Dejkalo, Stefan"]
[Result "1-0"]
[WhiteElo "2485"]
[BlackElo "2410"]
[PlyCount "79"]
[EventDate "1990.03.11"]

1. e4 e5 2. Nf3 Nc6 3. Bb5 Nf6 4. d3 d6 5. c3 g6 6. O-O Bg7 7. Re1 O-O 8. Nbd2
Bd7 9. Nf1 Re8 10. a4 d5 11. Bg5 dxe4 12. dxe4 h6 13. Bh4 a6 14. Bc4 Be6 15.
Bxe6 Rxe6 16. Qc2 Nb8 17. Ne3 Nbd7 18. Red1 Qe8 19. b4 a5 20. Nd2 Nb6 21. Bxf6
Bxf6 22. Nb3 axb4 23. a5 Nd7 24. cxb4 Rc8 25. Qd3 Nb8 26. b5 Be7 27. a6 bxa6
28. bxa6 Nc6 29. Nd5 Nb4 30. Nxb4 Bxb4 31. Qc4 Rb6 32. a7 Bd6 33. Ra6 Rb4 34.
Qd5 Ra8 35. Na5 Rb5 36. Qa2 Qc8 37. Nc4 Qb7 38. h3 Qxe4 39. Raxd6 cxd6 40. Nxd6
1-0

[Event "47th POL-ch"]
[Site "Warsaw POL"]
[Date "1990.03.??"]
[Round "9"]
[White "Przewoznik, Jan"]
[Black "Kuczynski, Robert"]
[Result "0-1"]
[WhiteElo "2415"]
[BlackElo "2460"]
[PlyCount "112"]
[EventDate "1990.03.11"]

1. Nf3 d6 2. d4 Bg4 3. e4 Nf6 4. Nc3 e6 5. Be2 Be7 6. O-O O-O 7. h3 Bh5 8. Bg5
Nc6 9. d5 exd5 10. exd5 Bxf3 11. Bxf6 Bxf6 12. Bxf3 Ne5 13. Be2 Nd7 14. Qd2 Nb6
15. Nd1 Re8 16. c4 Qe7 17. Bd3 Qe5 18. Rc1 g6 19. Rc2 Re7 20. Nc3 Rae8 21. b3
Bg5 22. Qd1 a6 23. Ne4 Bf4 24. Qf3 f5 25. Nc3 Bh6 26. g3 Nd7 27. g4 fxg4 28.
hxg4 Qd4 29. Ne2 Qc5 30. Qg3 Ne5 31. Kg2 Rf8 32. Be4 Nf7 33. Bd3 Ne5 34. Be4
Nd7 35. Bd3 Bg5 36. f4 Re3 37. Rf3 Rxf3 38. Qxf3 Ne5 39. Qe4 Bh6 40. b4 Qa7 41.
Kg3 a5 42. c5 Nxd3 43. Qxd3 axb4 44. cxd6 cxd6 45. Qe4 Qb8 46. Qxb4 Qe8 47. Kf3
Qd7 48. Rc4 Bg7 49. Re4 Qc7 50. Re6 Be5 51. Kg3 Qc2 52. Qb5 Qd2 53. Qc4 g5 54.
Qe4 gxf4+ 55. Kf3 Qd1 56. Rxe5 Qf1# 0-1

[Event "47th POL-ch"]
[Site "Warsaw POL"]
[Date "1990.03.??"]
[Round "9"]
[White "Bany, Jerzy"]
[Black "Pedzich, Dominik"]
[Result "0-1"]
[WhiteElo "2450"]
[BlackElo "2405"]
[PlyCount "110"]
[EventDate "1990.03.11"]

1. d4 Nf6 2. Nf3 g6 3. c4 Bg7 4. Nc3 O-O 5. Bg5 c5 6. e3 d6 7. Be2 Bf5 8. O-O
h6 9. Bh4 g5 10. Bg3 Nbd7 11. Nd2 cxd4 12. exd4 Qb6 13. Nb3 Rac8 14. Re1 Rfe8
15. Rc1 a6 16. Qd2 Qb4 17. d5 Nb6 18. Nd4 Bg6 19. b3 Nfxd5 20. Bg4 Nxc3 21.
Bxc8 Rxc8 22. Rxe7 Nbd5 23. Nc2 Bxc2 24. cxd5 Bg6 25. h3 Rc5 26. Qe1 Rxd5 27.
Rc7 Rd3 28. Rc4 Qa5 29. a4 Qd5 30. f3 Kh7 31. Kh2 Na2 32. R1c2 b5 33. axb5 axb5
34. Rc6 Qxb3 35. Re2 Nc3 36. Re7 Nd5 37. Rd7 Re3 38. Qd2 Nf6 39. Rdxd6 Nh5 40.
Bf2 Be5+ 41. Kh1 Rc3 42. Rxc3 Qxc3 43. Qxc3 Bxc3 44. Rb6 Bd3 45. h4 Nf4 46.
hxg5 hxg5 47. Be3 Ne6 48. g3 b4 49. Kg2 Bc2 50. Rc6 b3 51. Bc1 Bd4 52. Rc4 Be5
53. Rb4 Nc5 54. Rc4 Nd3 55. Ba3 Bd6 0-1

[Event "47th POL-ch"]
[Site "Warsaw POL"]
[Date "1990.03.??"]
[Round "9"]
[White "Dejkalo, Stefan"]
[Black "Stempin, Pawel"]
[Result "0-1"]
[WhiteElo "2410"]
[BlackElo "2445"]
[PlyCount "82"]
[EventDate "1990.03.11"]

1. d4 Nf6 2. Nf3 d5 3. c4 e6 4. Nc3 Nbd7 5. Bg5 Bb4 6. cxd5 exd5 7. e3 c5 8.
Bd3 Qa5 9. Qc2 c4 10. Bf5 O-O 11. O-O Re8 12. Bh4 g6 13. Bh3 Bxc3 14. bxc3 Ne4
15. Rac1 Nb6 16. Bxc8 Raxc8 17. Ne5 f6 18. Ng4 f5 19. Nf6+ Nxf6 20. Bxf6 Na4
21. Be5 Re6 22. Qd2 Rf8 23. f3 Qd8 24. e4 dxe4 25. Qh6 Qd7 26. fxe4 Nc5 27.
exf5 gxf5 28. Qh3 Nd3 29. Rcd1 Rg6 30. Rxd3 cxd3 31. Qxd3 Qd5 32. Rf2 b5 33. g3
f4 34. Bxf4 Re6 35. Re2 Rfe8 36. Rxe6 Rxe6 37. Qd2 a6 38. Qb2 Re1+ 39. Kf2 Rh1
40. Ke3 Re1+ 41. Kf2 Rf1+ 0-1

[Event "47th POL-ch"]
[Site "Warsaw POL"]
[Date "1990.03.??"]
[Round "9"]
[White "Gdanski, Jacek"]
[Black "Pyda, Zbigniew"]
[Result "1-0"]
[WhiteElo "2430"]
[BlackElo "2315"]
[PlyCount "37"]
[EventDate "1990.03.11"]

1. e4 d5 2. exd5 Qxd5 3. Nc3 Qa5 4. d4 Nf6 5. Nf3 Nc6 6. Bb5 Bd7 7. O-O a6 8.
Bxc6 Bxc6 9. Ne5 Qb6 10. d5 Rd8 11. Be3 Qxb2 12. Bd4 Bb5 13. Re1 Qa3 14. Qf3 e6
15. Nxf7 Kxf7 16. dxe6+ Kg8 17. Bxf6 gxf6 18. Qg4+ Bg7 19. e7 1-0

[Event "47th POL-ch"]
[Site "Warsaw POL"]
[Date "1990.03.??"]
[Round "9"]
[White "Nowak, Ignacy"]
[Black "Strzelecki, Krzysztof"]
[Result "0-1"]
[WhiteElo "2405"]
[BlackElo "2415"]
[PlyCount "112"]
[EventDate "1990.03.11"]

1. d4 Nf6 2. c4 c5 3. d5 g6 4. Nc3 d6 5. e4 Bg7 6. Nf3 O-O 7. h3 e6 8. Bd3 exd5
9. exd5 Re8+ 10. Be3 Nh5 11. O-O Nd7 12. Qd2 Ne5 13. Be2 Bd7 14. Rae1 a6 15. a4
Nxf3+ 16. Bxf3 Qh4 17. Bxh5 gxh5 18. Bh6 Bf5 19. Bxg7 Kxg7 20. Ne2 Bg6 21. Nf4
Qf6 22. a5 h4 23. b4 cxb4 24. Nxg6 hxg6 25. Qxb4 Qf4 26. Qc3+ Qf6 27. Qb4 Qf4
28. Qb2+ Kg8 29. Rc1 Rac8 30. c5 Rxc5 31. Rxc5 dxc5 32. Qxb7 Qd6 33. Rd1 Rb8
34. Qa7 Kg7 35. Rc1 Rb5 36. Qa8 c4 37. Qc8 Rc5 38. Qg4 Qxd5 39. Qxh4 c3 40. Qg3
Qd2 41. Qe3 Qxe3 42. fxe3 Kf6 43. Kf2 Ke5 44. Ke2 Ke4 45. h4 f5 46. Rc2 f4 47.
exf4 Kd4 48. Rc1 Rxa5 49. Rd1+ Kc4 50. Rd6 c2 51. Rc6+ Kb3 52. g4 Kb2 53. h5
gxh5 54. g5 c1=Q 55. Rxc1 Kxc1 56. g6 Ra3 0-1

[Event "47th POL-ch"]
[Site "Warsaw POL"]
[Date "1990.03.??"]
[Round "9"]
[White "Schmidt, Wlodzimierz"]
[Black "Sznapik, Aleksander"]
[Result "1/2-1/2"]
[WhiteElo "2465"]
[BlackElo "2485"]
[PlyCount "37"]
[EventDate "1990.03.11"]

1. Nf3 Nf6 2. c4 g6 3. Nc3 Bg7 4. d4 O-O 5. e4 d6 6. Be2 e5 7. O-O Nc6 8. d5
Ne7 9. Nd2 a5 10. a3 Bd7 11. b3 Ne8 12. Rb1 c5 13. b4 axb4 14. axb4 b6 15. bxc5
bxc5 16. Nb3 f5 17. Bd2 Nf6 18. f3 Nh5 19. g3 1/2-1/2

[Event "47th POL-ch"]
[Site "Warsaw POL"]
[Date "1990.03.??"]
[Round "9"]
[White "Woda, Jacek"]
[Black "Jasnikowski, Zbigniew"]
[Result "0-1"]
[WhiteElo "2390"]
[BlackElo "2445"]
[PlyCount "98"]
[EventDate "1990.03.11"]

1. e4 c5 2. Nf3 e6 3. d4 cxd4 4. Nxd4 Nf6 5. Nc3 d6 6. g3 Nc6 7. Bg2 Bd7 8. O-O
Be7 9. Nce2 O-O 10. c4 a6 11. b3 Qc7 12. a4 Rfd8 13. Ba3 Be8 14. Qd2 Nd7 15.
Rfd1 Nc5 16. Qe3 Na5 17. Rab1 Ncxb3 18. Nxb3 Nxc4 19. Rdc1 Rac8 20. Qd3 Bxa4
21. Nd2 b5 22. Nxc4 bxc4 23. Qe3 Rb8 24. Nc3 Rxb1 25. Nxb1 Bf6 26. Nc3 Bb3 27.
Bb2 Qc5 28. Nd1 Qxe3 29. fxe3 Bxb2 30. Nxb2 a5 31. Bf1 Rc8 32. Nd1 a4 33. Nc3
a3 34. Ra1 a2 35. Kf2 g5 36. Ke1 Kg7 37. Kd2 Kf6 38. Kc1 Ke5 39. Bg2 f5 40.
exf5 exf5 41. Kb2 d5 42. Re1 d4 43. exd4+ Kxd4 44. Nxa2 Bxa2 45. Kxa2 c3 46.
Rd1+ Ke3 47. Bb7 c2 48. Rc1 Rc4 49. Bd5 Kd2 0-1

[Event "47th POL-ch"]
[Site "Warsaw POL"]
[Date "1990.03.??"]
[Round "9"]
[White "Zolnierowicz, Krzysztof"]
[Black "Cichocki, Adam"]
[Result "0-1"]
[WhiteElo "2400"]
[BlackElo "2335"]
[PlyCount "80"]
[EventDate "1990.03.11"]

1. e4 e6 2. d3 d5 3. Nd2 Nf6 4. g3 dxe4 5. dxe4 e5 6. Bg2 Bc5 7. Ngf3 Nc6 8.
O-O a5 9. a4 O-O 10. c3 Qd3 11. Ne1 Qd6 12. Qe2 b6 13. Nc4 Ba6 14. Nc2 Qe6 15.
b3 Ne8 16. Re1 Nd6 17. Bf1 Nd8 18. N2a3 N8b7 19. Qc2 Rfd8 20. Ne3 Bxf1 21. Kxf1
c6 22. Kg2 Rd7 23. Nb1 Rad8 24. Nd2 h5 25. Nf3 f6 26. Rb1 Nc8 27. Nh4 Nbd6 28.
h3 g5 29. Nhf5 Nxf5 30. Nxf5 Ne7 31. Ne3 h4 32. g4 Rd3 33. b4 Bxe3 34. Rxe3 Qc4
35. bxa5 bxa5 36. Qb3 Qxb3 37. Rxb3 Rd1 38. Ba3 Ng6 39. Rb6 Nf4+ 40. Kh2 Rf1
0-1

[Event "47th POL-ch"]
[Site "Warsaw POL"]
[Date "1990.03.??"]
[Round "10"]
[White "Stempin, Pawel"]
[Black "Schmidt, Wlodzimierz"]
[Result "1/2-1/2"]
[WhiteElo "2445"]
[BlackElo "2465"]
[PlyCount "95"]
[EventDate "1990.03.11"]

1. d4 Nf6 2. Nf3 g6 3. c4 Bg7 4. g3 O-O 5. Bg2 d5 6. cxd5 Nxd5 7. O-O Nb6 8.
Nc3 Nc6 9. e3 Re8 10. d5 Na5 11. Nd4 Bd7 12. b3 c6 13. e4 cxd5 14. exd5 e6 15.
dxe6 Bxe6 16. Be3 Bd5 17. Rc1 Bxg2 18. Kxg2 Nd5 19. Nxd5 Qxd5+ 20. Qf3 Rad8 21.
Rfd1 a6 22. h4 h5 23. Qxd5 Rxd5 24. Nf3 Rxd1 25. Rxd1 Nc6 26. Bc5 Rd8 27. Rxd8+
Nxd8 28. Nd4 Bxd4 29. Bxd4 f5 30. Kf3 b5 31. Kf4 Nc6 32. Bc3 Kf7 33. f3 Ke6 34.
Kg5 Kf7 35. g4 hxg4 36. fxg4 fxg4 37. Kxg4 Ke6 38. Kg5 Kf7 39. Kf4 Ke6 40. Ke4
Kd6 41. Bg7 Ke6 42. Bf8 Ne5 43. Kd4 Nf3+ 44. Kc5 Nxh4 45. Kb6 Kd5 46. Kxa6 Kc6
47. Be7 Nf3 48. Ka5 1/2-1/2

[Event "47th POL-ch"]
[Site "Warsaw POL"]
[Date "1990.03.??"]
[Round "10"]
[White "Cichocki, Adam"]
[Black "Bany, Jerzy"]
[Result "1/2-1/2"]
[WhiteElo "2335"]
[BlackElo "2450"]
[PlyCount "127"]
[EventDate "1990.03.11"]

1. d4 f5 2. Nc3 d5 3. Bg5 c6 4. Qd2 Qb6 5. O-O-O Nd7 6. f3 e5 7. dxe5 Nxe5 8.
e4 fxe4 9. fxe4 Bg4 10. Re1 d4 11. Nd5 cxd5 12. exd5 Bd6 13. Bf4 O-O-O 14. Bxe5
Bxe5 15. Rxe5 Nf6 16. Be2 Rhf8 17. Nf3 Rxd5 18. Rxd5 Nxd5 19. Nxd4 Bxe2 20.
Nxe2 Ne3 21. Qc3+ Kb8 22. Qxg7 Rd8 23. Re1 Ka8 24. Nc3 Qd6 25. Kb1 a6 26. Qg3
Qxg3 27. hxg3 Nf5 28. g4 Nh4 29. Rh1 Nxg2 30. Rxh7 Rg8 31. a4 Rxg4 32. Re7 Rg5
33. Re4 Rf5 34. b4 Rf4 35. Re8+ Ka7 36. Nd5 Rd4 37. Re5 Nf4 38. Nxf4 Rxb4+ 39.
Kc1 Rxf4 40. a5 Rb4 41. Rc5 Rb5 42. Rc7 Rxa5 43. Kb2 Rb5+ 44. Ka3 Kb6 45. Rh7
Kc5 46. Rh4 Rb1 47. Rg4 b6 48. Rh4 a5 49. Rg4 Rb4 50. Rg3 Kc4 51. Rh3 Rb1 52.
Ka2 Rb5 53. Rg3 Rc5 54. Kb2 a4 55. Rg4+ Kb5 56. Rh4 Rc4 57. Rh6 Ka5 58. Rg6 b5
59. c3 Rh4 60. Rf6 Rh8 61. Rg6 Rb8 62. Ka3 Rb6 63. Rxb6 Kxb6 64. Kb4 1/2-1/2

[Event "47th POL-ch"]
[Site "Warsaw POL"]
[Date "1990.03.??"]
[Round "10"]
[White "Jasnikowski, Zbigniew"]
[Black "Przewoznik, Jan"]
[Result "1/2-1/2"]
[WhiteElo "2445"]
[BlackElo "2415"]
[PlyCount "102"]
[EventDate "1990.03.11"]

1. d4 Nf6 2. c4 e6 3. Nf3 c5 4. d5 b5 5. Bg5 Qa5+ 6. Nc3 Ne4 7. Bd2 Nxd2 8.
Qxd2 b4 9. Nd1 Bb7 10. Ne3 g6 11. g3 Bg7 12. Bg2 Qb6 13. O-O O-O 14. Ne1 e5 15.
a3 a5 16. axb4 axb4 17. Rxa8 Bxa8 18. f4 exf4 19. gxf4 Re8 20. Ng4 f5 21. Ne5
d6 22. N1f3 Nd7 23. Nd3 Bb7 24. Kh1 Nf6 25. Nf2 Qa6 26. b3 Qa3 27. Qc2 Re3 28.
Rb1 Bh6 29. Ng5 Nh5 30. Nd1 Re7 31. Qd2 Bc8 32. e3 Ra7 33. Bf3 Nf6 34. Ne6 Qa2
35. Rb2 Qa1 36. Kg2 Kf7 37. Nd8+ Ke8 38. Ne6 Ke7 39. Qe2 Ra3 40. e4 fxe4 41.
Bxe4 Nxe4 42. Qxe4 Qxd1 43. Re2 Kf6 44. f5 g5 45. Nf4 gxf4 46. Qe7+ Kxf5 47.
Qxh7+ Kg5 48. Qe7+ Kg6 49. Qe8+ Kf6 50. Qe7+ Kg6 51. Qe8+ Kf6 1/2-1/2

[Event "47th POL-ch"]
[Site "Warsaw POL"]
[Date "1990.03.??"]
[Round "10"]
[White "Kuczynski, Robert"]
[Black "Dejkalo, Stefan"]
[Result "1-0"]
[WhiteElo "2460"]
[BlackElo "2410"]
[PlyCount "39"]
[EventDate "1990.03.11"]

1. e4 c6 2. d4 d5 3. Nd2 dxe4 4. Nxe4 Bf5 5. Ng3 Bg6 6. h4 h6 7. Nf3 Nd7 8. h5
Bh7 9. Bd3 Bxd3 10. Qxd3 Ngf6 11. Bf4 Qa5+ 12. Bd2 Qc7 13. O-O-O e6 14. Ne4 Bd6
15. Kb1 b5 16. Ba5 Qxa5 17. Nxd6+ Ke7 18. Ne5 Kxd6 19. Qg3 Ne4 20. Nc4+ 1-0

[Event "47th POL-ch"]
[Site "Warsaw POL"]
[Date "1990.03.??"]
[Round "10"]
[White "Pyda, Zbigniew"]
[Black "Zolnierowicz, Krzysztof"]
[Result "1-0"]
[WhiteElo "2315"]
[BlackElo "2400"]
[PlyCount "61"]
[EventDate "1990.03.11"]

1. e4 c5 2. Nf3 d6 3. d4 Nf6 4. Nc3 cxd4 5. Nxd4 a6 6. Bg5 e6 7. f4 Be7 8. Qf3
Qc7 9. O-O-O Nbd7 10. Be2 b5 11. Bxf6 Nxf6 12. e5 Bb7 13. Qg3 dxe5 14. fxe5 Nd7
15. Bxb5 axb5 16. Ndxb5 Qc5 17. Qxg7 Rf8 18. Rhe1 O-O-O 19. g3 Bf3 20. Rd4 Bc6
21. a4 Kb8 22. b4 Qb6 23. Red1 Qa6 24. Nd6 Bxd6 25. exd6 Bxa4 26. b5 Bxb5 27.
Rb4 Qa3+ 28. Rb2 Nb6 29. Kb1 Bd7 30. Qd4 Qa5 31. Rxb6+ 1-0

[Event "47th POL-ch"]
[Site "Warsaw POL"]
[Date "1990.03.??"]
[Round "10"]
[White "Strzelecki, Krzysztof"]
[Black "Pedzich, Dominik"]
[Result "1-0"]
[WhiteElo "2415"]
[BlackElo "2405"]
[PlyCount "37"]
[EventDate "1990.03.11"]

1. e4 c5 2. Nf3 e6 3. Nc3 d6 4. d4 cxd4 5. Nxd4 Nf6 6. Be2 a6 7. O-O Be7 8. f4
Qc7 9. Qe1 O-O 10. Qg3 Qb6 11. Be3 Qxb2 12. Bf2 Qb4 13. e5 dxe5 14. fxe5 Nd5
15. Nf5 g6 16. Nxd5 exd5 17. a3 Bxf5 18. axb4 Nc6 19. c3 1-0

[Event "47th POL-ch"]
[Site "Warsaw POL"]
[Date "1990.03.??"]
[Round "10"]
[White "Sznapik, Aleksander"]
[Black "Gdanski, Jacek"]
[Result "1-0"]
[WhiteElo "2485"]
[BlackElo "2430"]
[PlyCount "79"]
[EventDate "1990.03.11"]

1. e4 e6 2. d4 d5 3. Nc3 Bb4 4. e5 Ne7 5. a3 Bxc3+ 6. bxc3 c5 7. Nf3 Bd7 8. a4
Qa5 9. Bd2 Nbc6 10. Bb5 f6 11. c4 Qc7 12. exf6 gxf6 13. cxd5 Nxd5 14. O-O O-O-O
15. dxc5 e5 16. Re1 Rhg8 17. Ra3 Bg4 18. Qc1 Kb8 19. Bf1 h5 20. a5 a6 21. Rb3
Bxf3 22. Rxf3 Nd4 23. Rh3 Qxc5 24. c4 Ne7 25. Qb2 Nec6 26. Rb1 Qe7 27. Qb6 Rg7
28. Be3 Ka8 29. Rxh5 f5 30. Bxd4 exd4 31. Rh6 Nb8 32. c5 Rc8 33. Rd6 Qc7 34.
Rxd4 Qxc5 35. Rf4 Qxb6 36. axb6 Rc5 37. h4 Nd7 38. Be2 a5 39. Bf3 Ne5 40. Be2
1-0

[Event "47th POL-ch"]
[Site "Warsaw POL"]
[Date "1990.03.??"]
[Round "10"]
[White "Nowak, Ignacy"]
[Black "Woda, Jacek"]
[Result "1-0"]
[WhiteElo "2405"]
[BlackElo "2390"]
[PlyCount "113"]
[EventDate "1990.03.11"]

1. e4 e5 2. Nf3 Nc6 3. Bb5 a6 4. Ba4 Nf6 5. O-O Be7 6. Re1 b5 7. Bb3 d6 8. c3
O-O 9. h3 Na5 10. Bc2 c5 11. d4 Qc7 12. Nbd2 cxd4 13. cxd4 Bb7 14. d5 Rac8 15.
Bd3 Nd7 16. Nf1 f5 17. exf5 Nf6 18. Ng5 Bxd5 19. Ne3 Bf7 20. Nxf7 Rxf7 21. a4
Nc4 22. axb5 axb5 23. b3 Nxe3 24. Bxe3 Nd5 25. Bd2 Nc3 26. Bxc3 Qxc3 27. Bxb5
Kh8 28. Bd7 Rb8 29. Be6 Rff8 30. Qc1 Qb4 31. Ra4 Qb6 32. Qe3 Bd8 33. Rd1 Qxe3
34. fxe3 Bb6 35. Kf2 Bc5 36. Kf3 g6 37. g4 Kg7 38. Rc1 Kf6 39. Rc2 Rb7 40. Rg2
h6 41. h4 Rh8 42. Bd5 Rbb8 43. g5+ hxg5 44. hxg5+ Ke7 45. fxg6 Kf8 46. b4 Bb6
47. Rga2 Kg7 48. Be4 Rhg8 49. Ra7+ Bxa7 50. Rxa7+ Kf8 51. Rf7+ Ke8 52. Bc6+ Kd8
53. g7 Rc8 54. b5 d5 55. Kg4 d4 56. exd4 exd4 57. Kf3 1-0

[Event "47th POL-ch"]
[Site "Warsaw POL"]
[Date "1990.03.??"]
[Round "11"]
[White "Przewoznik, Jan"]
[Black "Nowak, Ignacy"]
[Result "1/2-1/2"]
[WhiteElo "2415"]
[BlackElo "2405"]
[PlyCount "39"]
[EventDate "1990.03.11"]

1. Nf3 Nf6 2. c4 g6 3. Nc3 Bg7 4. e4 d6 5. d4 O-O 6. Be2 e5 7. Be3 h6 8. O-O
Ng4 9. Bc1 Nc6 10. d5 Ne7 11. Ne1 f5 12. Bxg4 fxg4 13. Nc2 g5 14. Ne3 Rf4 15.
Bd2 Bd7 16. f3 gxf3 17. g3 f2+ 18. Rxf2 Rxf2 19. Kxf2 c6 20. Kg2 1/2-1/2

[Event "47th POL-ch"]
[Site "Warsaw POL"]
[Date "1990.03.??"]
[Round "11"]
[White "Bany, Jerzy"]
[Black "Pyda, Zbigniew"]
[Result "0-1"]
[WhiteElo "2450"]
[BlackElo "2315"]
[PlyCount "86"]
[EventDate "1990.03.11"]

1. d4 f5 2. g3 Nf6 3. Bg2 g6 4. Nh3 d6 5. c3 c6 6. Nd2 Bg7 7. Qb3 d5 8. Nf4 e6
9. h4 Qe7 10. Nf3 Ne4 11. Nd3 Nd7 12. Bf4 O-O 13. Nfe5 Nxe5 14. Bxe5 Nf6 15. a4
Nd7 16. Bxg7 Kxg7 17. e3 b6 18. Qa3 Qxa3 19. Rxa3 a5 20. Nf4 Kf6 21. O-O Ba6
22. Re1 Rfe8 23. Raa1 Rac8 24. Rac1 Bc4 25. Bf1 Bxf1 26. Kxf1 c5 27. f3 h6 28.
g4 g5 29. hxg5+ hxg5 30. Nh5+ Kg6 31. Kg2 Rf8 32. c4 dxc4 33. Rxc4 cxd4 34.
Rxd4 Rc2+ 35. Kg3 Nc5 36. Rg1 fxg4 37. Kxg4 Rh2 38. Ng7 Kxg7 39. Kxg5 Kf7 40.
Rf4+ Ke7 41. Rxf8 Kxf8 42. Kf6 Ke8 43. b3 Rb2 0-1

[Event "47th POL-ch"]
[Site "Warsaw POL"]
[Date "1990.03.??"]
[Round "11"]
[White "Dejkalo, Stefan"]
[Black "Jasnikowski, Zbigniew"]
[Result "0-1"]
[WhiteElo "2410"]
[BlackElo "2445"]
[PlyCount "48"]
[EventDate "1990.03.11"]

1. d4 Nf6 2. Nf3 g6 3. g3 d5 4. Bg2 Bg7 5. O-O O-O 6. c4 dxc4 7. Na3 c3 8. bxc3
c5 9. Ne5 Nd5 10. Bd2 Nc6 11. Nxc6 bxc6 12. Qa4 cxd4 13. cxd4 Nb6 14. Qxc6 Bxd4
15. Bh6 Bd7 16. Qf3 Bxa1 17. Rxa1 Rc8 18. Bxf8 Qxf8 19. Qe3 Qg7 20. Rd1 Qb2 21.
Qxe7 Re8 22. Qd6 Qxe2 23. Rd2 Qe1+ 24. Bf1 Qxf1+ 0-1

[Event "47th POL-ch"]
[Site "Warsaw POL"]
[Date "1990.03.??"]
[Round "11"]
[White "Pedzich, Dominik"]
[Black "Cichocki, Adam"]
[Result "1-0"]
[WhiteElo "2405"]
[BlackElo "2335"]
[PlyCount "127"]
[EventDate "1990.03.11"]

1. e4 e6 2. d4 d5 3. Nc3 Nf6 4. e5 Nfd7 5. f4 c5 6. Nf3 Nc6 7. Be3 cxd4 8. Nxd4
Bc5 9. Qd2 Bxd4 10. Bxd4 Nxd4 11. Qxd4 Qb6 12. O-O-O Qxd4 13. Rxd4 Ke7 14. Be2
Nb8 15. Nb5 Bd7 16. Rd2 Bxb5 17. Bxb5 a6 18. Be2 b5 19. h4 h5 20. Rh3 Nd7 21.
Rd4 Nc5 22. b3 g6 23. Kb2 Rab8 24. Rb4 Rhd8 25. Rc3 Rbc8 26. Rd4 Rc7 27. a4
Rdc8 28. Ka3 bxa4 29. b4 Nd7 30. Rxc7 Rxc7 31. c4 dxc4 32. Rxc4 Ra7 33. Rc6 Nb8
34. Rb6 Nd7 35. Rxa6 Rxa6 36. Bxa6 Nb6 37. Bd3 Kd8 38. g3 Ke7 39. Bc2 Kd8 40.
Bd3 Ke7 41. b5 Kd8 42. Kb4 Kc7 43. Be4 Kc8 44. Bc2 Nd5+ 45. Kxa4 Nc3+ 46. Kb4
Ne2 47. Kc5 Nxg3 48. Bd3 Kc7 49. b6+ Kd7 50. b7 Kc7 51. b8=Q+ Kxb8 52. Kd6 Nh1
53. Ke7 Nf2 54. Bf1 Ng4 55. Kxf7 Ne3 56. Kxe6 Nxf1 57. Kd7 Ne3 58. e6 Nd5 59.
e7 Nf6+ 60. Kd8 Kb7 61. e8=Q Nxe8 62. Kxe8 Kc6 63. Kf7 Kd6 64. Kxg6 1-0

[Event "47th POL-ch"]
[Site "Warsaw POL"]
[Date "1990.03.??"]
[Round "11"]
[White "Schmidt, Wlodzimierz"]
[Black "Kuczynski, Robert"]
[Result "1-0"]
[WhiteElo "2465"]
[BlackElo "2460"]
[PlyCount "135"]
[EventDate "1990.03.11"]

1. Nf3 d6 2. d4 Bg4 3. c4 Nd7 4. Qb3 Rb8 5. h3 Bh5 6. Bf4 Ngf6 7. Nbd2 Bxf3 8.
Nxf3 g6 9. e3 Bg7 10. Be2 O-O 11. Qc2 c5 12. O-O Re8 13. Rfd1 Qb6 14. a3 e5 15.
dxe5 dxe5 16. Bh2 Rbd8 17. Nd2 Nf8 18. Rac1 e4 19. Nb1 Rxd1+ 20. Rxd1 Rd8 21.
Rxd8 Qxd8 22. Nc3 b6 23. Kf1 Qd7 24. Ke1 h5 25. Qd2 Qxd2+ 26. Kxd2 N6d7 27.
Nxe4 Bxb2 28. a4 Kg7 29. Nd6 Ne6 30. Nc8 a5 31. Bf3 Be5 32. Nxb6 Bxh2 33. Nxd7
Bd6 34. Bd5 Nf8 35. Nb6 h4 36. f4 Bc7 37. Nc8 Nd7 38. Na7 Nb6 39. Nb5 Bd8 40.
Nd6 Be7 41. Nb7 Nxa4 42. Nxa5 f5 43. Nb3 Kf6 44. Ke2 g5 45. fxg5+ Kxg5 46. Nd2
Nc3+ 47. Kd3 Nd1 48. Nf3+ Kg6 49. Ke2 Nc3+ 50. Kd2 Na4 51. Ne5+ Kg5 52. Nd7 Bd8
53. Kc2 f4 54. e4 f3 55. gxf3 Kf4 56. Kb3 Nb6 57. Nxc5 Kxf3 58. Ne6 Be7 59. c5
Nc8 60. Bb7 Na7 61. Ka4 Kg3 62. Ka5 Kxh3 63. Kb6 Kg4 64. Kxa7 h3 65. e5 Kf5 66.
Nd4+ Kf4 67. c6 Bc5+ 68. Ka6 1-0

[Event "47th POL-ch"]
[Site "Warsaw POL"]
[Date "1990.03.??"]
[Round "11"]
[White "Woda, Jacek"]
[Black "Strzelecki, Krzysztof"]
[Result "1-0"]
[WhiteElo "2390"]
[BlackElo "2415"]
[PlyCount "88"]
[EventDate "1990.03.11"]

1. e4 c5 2. Nf3 d6 3. c3 Nf6 4. Be2 Bg4 5. O-O e6 6. h3 Bh5 7. d3 Nc6 8. Re1
Be7 9. Nbd2 d5 10. Qc2 Qc7 11. Nf1 h6 12. N3h2 Bg6 13. Ng4 Nxg4 14. Bxg4 O-O
15. Qe2 c4 16. dxc4 dxe4 17. Bh5 Bh7 18. Qe3 Ne5 19. Qg3 Bd6 20. Bf4 Nf3+ 21.
gxf3 Bxf4 22. Qg4 exf3 23. Qxf3 Qxc4 24. Rad1 e5 25. Rd7 Rad8 26. Bxf7+ Qxf7
27. Rxf7 Rxf7 28. Rd1 Rdf8 29. Ng3 e4 30. Qg4 e3 31. fxe3 Bxe3+ 32. Kh1 Bb6 33.
Rd7 Rxd7 34. Qxd7 Bg6 35. Qxb7 Kh7 36. h4 h5 37. Qd5 Rf4 38. Qe5 Rxh4+ 39. Kg2
Rg4 40. Kf3 Rh4 41. Nf5 Bxf5 42. Qxf5+ Kh6 43. c4 Bd4 44. c5 g6 1-0

[Event "47th POL-ch"]
[Site "Warsaw POL"]
[Date "1990.03.??"]
[Round "11"]
[White "Zolnierowicz, Krzysztof"]
[Black "Sznapik, Aleksander"]
[Result "1-0"]
[WhiteElo "2400"]
[BlackElo "2485"]
[PlyCount "81"]
[EventDate "1990.03.11"]

1. e4 c5 2. Nf3 e6 3. d3 d5 4. Nbd2 Nc6 5. g3 Bd6 6. Bg2 Nge7 7. O-O O-O 8. Re1
Bc7 9. c3 b6 10. e5 a5 11. d4 Ba6 12. Nf1 b5 13. h4 cxd4 14. cxd4 Bb6 15. g4
Qd7 16. Ng3 f5 17. exf6 Rxf6 18. Be3 Raf8 19. Ne5 Qa7 20. g5 R6f7 21. Nxf7 Rxf7
22. Bh3 Bc8 23. Ne2 Bd7 24. Qd2 e5 25. Bg2 e4 26. Nc3 b4 27. Na4 Bxd4 28. Bxd4
Nxd4 29. Rad1 Nf3+ 30. Bxf3 Rxf3 31. b3 Bxa4 32. bxa4 Qd7 33. Rxe4 g6 34. Qe2
Rf7 35. Re5 d4 36. Qe4 Nf5 37. Rxa5 Qc7 38. Ra8+ Rf8 39. Qe6+ Kg7 40. Rxf8 Kxf8
41. Re1 1-0

[Event "47th POL-ch"]
[Site "Warsaw POL"]
[Date "1990.03.??"]
[Round "12"]
[White "Jasnikowski, Zbigniew"]
[Black "Schmidt, Wlodzimierz"]
[Result "1/2-1/2"]
[WhiteElo "2445"]
[BlackElo "2465"]
[PlyCount "21"]
[EventDate "1990.03.11"]

1. d4 Nf6 2. c4 g6 3. g3 Bg7 4. Bg2 d5 5. cxd5 Nxd5 6. Nf3 O-O 7. O-O Nb6 8. e4
Bg4 9. d5 Qd7 10. a4 c6 11. a5 1/2-1/2

[Event "47th POL-ch"]
[Site "Warsaw POL"]
[Date "1990.03.??"]
[Round "12"]
[White "Kuczynski, Robert"]
[Black "Gdanski, Jacek"]
[Result "1-0"]
[WhiteElo "2460"]
[BlackElo "2430"]
[PlyCount "57"]
[EventDate "1990.03.11"]

1. e4 e6 2. d4 d5 3. Nc3 Bb4 4. e5 Ne7 5. a3 Bxc3+ 6. bxc3 c5 7. h4 Nbc6 8. h5
h6 9. Nf3 Bd7 10. Bd3 Qa5 11. Bd2 O-O-O 12. O-O f5 13. exf6 gxf6 14. Nh4 Qa4
15. Rb1 cxd4 16. Bb5 Qxa3 17. cxd4 Qd6 18. Bxc6 Nxc6 19. Be3 e5 20. Qd2 Bg4 21.
Ra1 Bd7 22. dxe5 fxe5 23. Bxa7 Rdg8 24. Rfb1 d4 25. Qd3 Be8 26. Qc4 Qf6 27. Bc5
Bf7 28. Qb5 Kd8 29. Ra8+ 1-0

[Event "47th POL-ch"]
[Site "Warsaw POL"]
[Date "1990.03.??"]
[Round "12"]
[White "Nowak, Ignacy"]
[Black "Dejkalo, Stefan"]
[Result "0-1"]
[WhiteElo "2405"]
[BlackElo "2410"]
[PlyCount "90"]
[EventDate "1990.03.11"]

1. d4 f5 2. g3 Nf6 3. Bg2 e6 4. c4 c6 5. Nf3 d5 6. O-O Bd6 7. b3 Qe7 8. Ne5 O-O
9. Bf4 b6 10. Nd2 Bb7 11. Nd3 Bxf4 12. Nxf4 a5 13. Qc2 Na6 14. Nf3 Ne4 15. Qb2
Rfd8 16. Rac1 c5 17. cxd5 exd5 18. Rfd1 Qf6 19. e3 Rac8 20. Ne5 Nb4 21. h4 g6
22. Kh2 Qe7 23. f3 Nf6 24. Qd2 Rc7 25. Re1 Rdc8 26. a3 Na6 27. Qb2 Nb8 28. Red1
Nbd7 29. Bf1 Nf8 30. Bb5 Ne6 31. Nxe6 Qxe6 32. Rc3 Ne8 33. Rdc1 Nd6 34. Bf1 h6
35. R3c2 g5 36. hxg5 hxg5 37. Kg1 g4 38. fxg4 Ne4 39. gxf5 Qxf5 40. Bd3 Rg7 41.
Bxe4 Qxe4 42. Rg2 Qxe3+ 43. Kh1 cxd4 44. Rxc8+ Bxc8 45. Qc2 Bh3 0-1